00804nam a2200181 i 450000100060000000300090000600500170001500700030003200800410003510000200007624500980009625000150019426000320020930000220024150503020026370000250056585200320059056705ES-MaACL20230906163429.0t|031013s1981 sp ||||1| spa d1 aDieste, Rafael.10aTeatro II / cRafael Dieste ; edición, estudio introductorio y notas de Manuel Aznar Soler. a[1ª ed.]. aBarcelona : bLaia, c1981. a182 p. ; c19 cm.8 aContiene: El teatro de Rafael Dieste durante la guerra civil. El amanecer : comedia en un acto. Nuevo retablo de las maravillas : mascarada en un acto. El moro leal. Farsa infantil de la fiera risueña. El falso faquir. El empresario pierde la cabeza. Curiosa muerte burlada. La doncella guerrera1 aAznar Soler, Manuel. aES-MaACLjL-1732 bR.102362